Cobertura vegetal de la Microcuenca de China (Registro nro. 18503)

Detalles MARC
000 -CABECERA
Campo de control 00917nem a2200253 u 4500
005 - FECHA Y HORA DE LA ULTIMA TRANSACCION
Campo de control 20200104041743.0
008 - ELEMENTOS DE LONGITUD FIJA—INFORMACION GENERAL
Campo de control 160506b2002 c ||||| |a|| 00| 0 spa d
040 ## - FUENTE DE CATALOGACIÓN
Agencia catalogadora original CO-BoIAVH
Agencia transcriptora CO-BoIAVH
041 ## - IDIOMA
Código de idioma para texto/pista de sonido o título separado Español
044 ## - PAÍS DE PUBLICACIÓN
País de publicación Colombia
090 ## - CLASIFICACIÓN LOCAL
Colección MC-
Consecutivo 0166
110 2# - ASIENTO PRINCIPAL--NOMBRE CORPORATIVO
Nombre corporativo o de jurisdicción como elemento de entrada Instituto de Investigación de recursos biológicos Alexander Von Humboldt.
245 1# - MENCION DE TITULO
Título Cobertura vegetal de la Microcuenca de China
Parte restante del título Proyecto mecanismo de manejo colectivo de los bienes y servicios de la Microcuenca de Chaina- Villa de Leyva
Mención de responsabilidad Unidad de sistemas de información Geográfica UNISIG
Medio físico [Material Cartografico]
255 ## - DATOS MATEMATICOS CARTOGRAFICOS
Mención de escala 1:5.000
260 ## - PUBLICACION, DISTRIBUCION, ETC. (PIE DE IMPRENTA)
Lugar de publicación, distribución, etc. Bogotá
Nombre del editor, distribuidor, etc. IAvH
Fecha de publicación, distribución, etc. 2002
300 ## - DESCRIPCION FISICA
Extensión 1 mapa
Otros detalles físicos color
Dimensiones 91 x 70 cm
650 16 - ASIENTO SECUNDARIO DE MATERIA - TERMINO TEMATICO
Término temático o nombre geográfico como elemento de entrada Hidrografía
650 16 - ASIENTO SECUNDARIO DE MATERIA - TERMINO TEMATICO
Término temático o nombre geográfico como elemento de entrada Carreteras
650 16 - ASIENTO SECUNDARIO DE MATERIA - TERMINO TEMATICO
Término temático o nombre geográfico como elemento de entrada Infraestructura
650 16 - ASIENTO SECUNDARIO DE MATERIA - TERMINO TEMATICO
Término temático o nombre geográfico como elemento de entrada Bosques
650 16 - ASIENTO SECUNDARIO DE MATERIA - TERMINO TEMATICO
Término temático o nombre geográfico como elemento de entrada Cultivos
650 14 - ASIENTO SECUNDARIO DE MATERIA - TERMINO TEMATICO
Término temático o nombre geográfico como elemento de entrada Pastos
942 ## - ELEMENTOS ADICIONALES (KOHA)
Sistema de clasificación Local
Tipo de ítem Mapa
Existencias
Withdrawn status Lost status Sistema de Clasificación Damaged status No para préstamo Colección Ubicación Permanente Ubicación actual Fecha de adquisición Total Checkouts Número topográfico Inventario / Código de Barras Date last seen Ejemplar Price effective from Tipo de material
    Local       Bogotá Bogotá 06/05/2016   MC-0166 040123 06/05/2016 Ej. 1 06/05/2016 Mapa